Statistics for Germany Cities Map Quiz

Click here to take the quiz!

General Stats

  • This quiz has been taken 49,154 times
  • The average score is 7 of 12

Answer Stats

Answer % Correct
Berlin
93%
Munich
79%
Hamburg
72%
Frankfurt
60%
Dresden
58%
D├╝sseldorf
58%
Stuttgart
58%
Nuremberg
57%
Saarbr├╝cken
53%
Bremen
52%
Rostock
50%
Hanover
48%

Score Distribution

Percentile by Number Answered

Percent of People with Each Score

Your Score History

You have not taken this quiz